Brazilian Presidents Quiz - Statistics

General Stats
  • This quiz has been taken 890 times
    810 since last reset
  • The average score is 22 of 40
Answer Stats
Term President % Correct
2019- Jair Bolsonaro
98%
2003-2011 Luiz Inácio LULA da Silva
98%
2016 -2019 Michel Temer
89%
2011-2016 Dilma Rousseff
88%
1951-1954 Getúlio Vargas
85%
1930-1945 Getúlio Vargas
85%
1995-2003 Fernando Henrique Cardoso
81%
1990-1992 Fernando Collor
80%
1891 Deodoro da Fonseca
71%
1961-1964 João Goulart
70%
1961 Jânio Quadros
69%
1985-1990 José Sarney
69%
1956-1961 Juscelino Kubitschek
69%
1964-1967 Humberto Castelo Branco
68%
1992-1995 Itamar Franco
68%
Died before Tancredo Neves
67%
1967-1969 Arthur da Costa e Silva
66%
1969-1974 Emílio Médici
61%
1891-1894 Floriano Peixoto
61%
1974-1979 Ernesto Geisel
58%
1979-1985 João Figueiredo
58%
1954-1955 Café Filho
51%
1910-1914 Hermes da Fonseca
50%
1946-1951 Gaspar Dutra
48%
1926-1930 Washington Luís
46%
1909-1910 Nilo Peçanha
38%
1894-1898 Prudente de Morais
37%
1906-1909 Afonso Pena
33%
1898-1902 Campos Sales
32%
1914-1918 Venceslau Brás
32%
1964 Ranieri Mazzilli
31%
1961 Ranieri Mazzilli
31%
1922-1926 Artur Bernardes
30%
1919-1922 Epitácio Pessoa
30%
1902-1906 Rodrigues Alves
30%
1955-1956 Nereu Ramos
26%
1955 Carlos Luz
25%
1919 Delfim Moreira
22%
1945-1946 José Linhares
21%
1969 Military Junta
10%
No matching quizzes found
Score Distribution
Percent of People with Each Score
Percentile by Number Answered
Your Score History
You have not taken this quiz since the last reset